000 00838cam a2200193 4500
001 WB3704-33
008 000000n2001 000 0 eng u
035 _a(Sirsi) u110530
245 _aEU-wide testing for BSE
260 _c2001
490 _aWestern Mail
_v 23 January 2001, 7(1)
520 _aExtra cattle in Britain are being tested for BSE as part of an EU-wide testing programme in response to a reported increase of the disease in Europe. BSE is declining in Britain. MAFF has issued consultation papers prior to measures to bring Britain in line with new EU feed controls. These controls ban the use of processed animal protein feeds until June 2001.
590 _aWB
650 _aBSE ERADICATION PROGRAMME
650 _aOVER THIRTY MONTHS SCHEME
650 _aLIVESTOCK FARMING
690 _aRural
_96268
942 _n0
999 _c65888
_d65888